000
00189 a2200097 4500
001
5036
100
_a
Howel
245
_a
Man in the beginning
260
_a
_b
Bell
_c
090
_c
4190
_d
4190
942
_a
NUST-CAE
_c
M
_c
30479
999
_c
240109
_d
240109